Statystyki dla Najpopularniejsze marki samochodów świata!

Kliknij tutaj aby rozwiązać quiz!

Ogólne statystyki

  • Ten quiz został rozwiązany 10 857 razy
    (7 015 od ostatniego zresetowania)
  • Średni wynik to 28 z 144

Statystyki odpowiedzi

PaństwoMarka% Poprawnych
NiemcyBMW
86%
NiemcyAudi
83%
WłochyFiat
79%
NiemcyMercedes-Benz
79%
WłochyLamborghini
76%
WłochyFerrari
75%
JaponiaToyota
71%
Stany zjednoczoneFord
70%
NiemcyOpel
68%
NiemcyVolkswagen
68%
CzechySkoda
62%
JaponiaHonda
60%
NiemcyPorsche
57%
FrancjaCitroën
56%
JaponiaNissan
56%
SzwecjaVolvo
54%
FrancjaRenault
52%
Korea południowaHyundai
51%
FrancjaPeugeot
51%
JaponiaMazda
50%
Stany zjednoczoneDodge
49%
Niemcy/FrancjaBugatti
48%
Korea południowaKia Motors
48%
HiszpaniaSeat
47%
WłochyAlfa romeo
44%
Stany zjednoczoneChevrolet
42%
RumuniaDacia
42%
JaponiaSuzuki
41%
Stany zjednoczoneTesla
40%
JaponiaMitsubishi
39%
JaponiaSubaru
39%
Wielka BrytaniaBentley
37%
RosjaŁada
37%
Stany zjednoczoneJeep
36%
Wielka BrytaniaJaguar
34%
Wielka BrytaniaAston Martin
33%
WłochyMaserati
33%
JaponiaLexus
31%
Wielka BrytaniaLand Rover
29%
Niemcy/Wlk. BrytaniaMini
29%
NiemcyMAN SE
28%
Wielka BrytaniaRolls-Royce
28%
Wielka BrytaniaMcLaren Automotive
27%
SzwecjaSaab
25%
SzwecjaScania
23%
IndieTata motors
23%
Stany zjednoczoneCadillac
21%
PolskaFSO
20%
WłochyPagani Automobili
20%
Korea południowaDaewoo
19%
WłochyIveco
19%
WłochyLancia
19%
Stany zjednoczoneChrysler
18%
JaponiaInfiniti
17%
JaponiaAcura
16%
SzwecjaKoenigsegg
16%
NiemcySmart
16%
HiszpaniaCupra
15%
Stany zjednoczoneRAM trucks
15%
Wielka BrytaniaRover
15%
WłochyAbarth
14%
HolandiaDAF trucks
14%
Stany zjednoczoneGMC
13%
Wielka BrytaniaLotus Cars
13%
NiemcyMaybach
13%
JaponiaIsuzu
12%
Stany zjednoczonePontiac
12%
NiemcyTrabant
12%
FrancjaAlpine
11%
Stany zjednoczoneBuick
11%
PolskaSTAR
11%
FrancjaDS automobiles
10%
Stany zjednoczoneHummer
10%
Korea południowaSsangYong
10%
RosjaUAZ
9%
JaponiaDaihatsu
8%
RosjaGAZ
8%
PolskaJelcz
8%
Stany zjednoczoneLincoln Motor Company
8%
RosjaKAMAZ
7%
PolskaZSD Nysa
7%
PolskaFSM
6%
AustraliaHolden
6%
Wielka BrytaniaMG cars
6%
Wielka BrytaniaVauxhall
6%
NiemcyWartburg
6%
JaponiaDatsun
5%
Stany zjednoczonePlymouth
4%
Stany zjednoczoneShelby SuperCars
4%
UkrainaZAZ
4%
RosjaZiŁ
4%
FrancjaAixam
3%
RumuniaARO
3%
Wielka BrytaniaAustin Motor Company
3%
ChinyBYD Auto
3%
ChinyGeely
3%
Stany zjednoczoneHennessey
3%
Stany zjednoczoneMercury
3%
RosjaMoskwicz
3%
Stany zjednoczoneOldsmobile
3%
Wielka BrytaniaTVR
3%
SerbiaZastava
3%
Stany zjednoczoneAmerican Motors Corporation
2%
NiemcyApollo Automobil
2%
PolskaArrinera
2%
FrancjaLigier
2%
Stany zjedoczoneMack Trucks
2%
FrancjaMicrocar
2%
Stany zjednoczoneSaturn
2%
Wlk. Brytania/Francja/HiszpaniaTalbot
2%
Wielka BrytaniaTriumph Motor Company
2%
Wielka BrytaniaAscari Cars
1%
RosjaAurus
1%
CzechyAvia
1%
ChinyBrilliance
1%
Wielka BrytaniaBristol Cars
1%
ChinyChery Automobile
1%
ChinyFAW
1%
Stany zjednoczoneFisker Automotive
1%
ChinyGreat Wall Motors
1%
JaponiaHino
1%
RosjaMarussia Motors
1%
PolskaMelex
1%
Stany zjednoczoneMerkur
1%
JaponiaMitsuoka
1%
IndieM&M Limited
1%
Stany zjednoczoneMosler
1%
Stany zjednoczoneSaleen
1%
JaponiaScion
1%
HolandiaSpyker Cars
1%
AustraliaAmuza
0%
ChinyBeijing Automobile Works
0%
ChinyChang’an Automobile
0%
FrancjaChatenet Automobiles
0%
ArgentynaCrespi
0%
Stany zjednoczoneFreightliner Trucks
0%
SłoweniaIMV/Revoz
0%
IranIran Khodro
0%
NiemcyIsdera
0%
NiemcyMelkus
0%
CzechyMTX
0%
Stany zjednoczoneNavistar International
0%
Wielka BrytaniaNoble Automotive
0%
NiemcyNovitec
0%

Rozkład punktacji

Percentyl według liczby udzielonych odpowiedzi

Procent ludzi z każdym wynikiem

Twoja historia wyników

Nie rozwiązałeś tego quizu od ostatniego zresetowania